| 000 | 00000nam 2200000zi 4500 |
| 001 | 9.893669 |
| 003 | CaOODSP |
| 005 | 20240321085728 |
| 006 | m o d f |
| 007 | cr |n||||||||| |
| 008 | 201118e200202##onc|||| o f00| 0|eng d |
| 040 | |aCaOODSP|beng|erda|cCaOODSP |
| 043 | |an-cn--- |
| 086 | 1 |aIu188-148/2002E-PDF |
| 245 | 00|aFinancing small- and medium-sized enterprises : |bsatisfaction, access, knowledge and needs / |cby the Research Institute for SMEs, Université du Québec à Trois-Rivières. |
| 264 | 1|a[Ottawa] : |bSmall Business Policy Branch, Industry Canada, |cFebruary 2002. |
| 300 | |a1 online resource (123 pages) |
| 336 | |atext|btxt|2rdacontent |
| 337 | |acomputer|bc|2rdamedia |
| 338 | |aonline resource|bcr|2rdacarrier |
| 500 | |aDigitized edition from print [produced by Innovation, Science and Economic Development Canada]. |
| 500 | |a"Research paper prepared for the Small Business Policy Branch as part of the Small and Medium-sized Enterprise (SME) Financing Data Initiative." |
| 650 | 0|aSmall business|zCanada|xFinance|xPublic opinion. |
| 650 | 0|aPublic opinion|zCanada. |
| 650 | 6|aPetites et moyennes entreprises|zCanada|xFinances|xOpinion publique. |
| 650 | 6|aOpinion publique|zCanada. |
| 710 | 1 |aCanada. |bIndustry Canada, |eissuing body. |
| 856 | 40|qPDF|s1.72 MB|uhttps://publications.gc.ca/collections/collection_2023/isde-ised/Iu188-148-2002-eng.pdf |